01727nam a2200421 i 450000100060000000300080000600500170001400600190003100700150005000800410006502000180010602000270012403500230015103500240017403500250019803500210022304000310024405000210027508200150029624501610031126400420047230000410051433600310055533700330058633800430061936200320066250000230069450400290071758801250074659001640087165000370103565000320107265500270110471000760113179700190120785600620122699900170128850203FlNmELB20241216232214.0m o d | cr cnu||||||||140320s2002 ag ob 001 0 spa d z9789879233740 a9781449299316 (e-book) a(MiAaPQ)EBC3219121 a(Au-PeEL)EBL3219121 a(CaPaEBR)ebr10845219 a(OCoLC)878132137 aFINmELBbspaerdacFINmELB 4aK1705bC961 20020 a344.0122300aCuadernos de la asociación argentina de derecho del trabajo :bfilial Córdoba /cAsociación argentina de derecho del trabajo y de la seguridad social. 1aCordoba :bAlveroni Ediciones,c2002. a1 recurso en línea (103 páginas) atextobtxt2rdacontent/spa acomputadorabc2rdamedia/spa arecurso en líneabcr2rdacarrier/spa0 aAño 2, número 2 (2002)- aContiene índice. aContiene bibliografía. aDescripción basada en recurso en línea; Título de la página del título en PDF (e-libro, visto March 20, 2014). aRecurso electrónico. Santa Fe, Arg.: e-libro, 2015. Disponible vía World Wide Web. El acceso puede estar limitado para las bibliotecas afiliadas a e-libro. 4aDerecho laboral y legislación. 0aLabor laws and legislation. 4aLibros electrónicos.2 aAsociación argentina de derecho del trabajo y de la seguridad social.2 ae-libro, Corp.40uhttps://elibro.net/ereader/politecnicointernacional/78858 c50203d50203